Innovations in Asian management (Record no. 481586)

000 -LEADER
fixed length control field 00352cam a22001217a 4500
008 - FIXED-LENGTH DATA ELEMENTS--GENERAL INFORMATION
fixed length control field 180718b1996 xxu||||| |||| 00| 0 eng d
082 ## - DEWEY DECIMAL CLASSIFICATION NUMBER
Classification number I5x5 Si64i
245 ## - TITLE STATEMENT
Title Innovations in Asian management
Statement of responsibility, etc. edited by Dharni P. Sinha
260 ## - PUBLICATION, DISTRIBUTION, ETC.
Place of publication, distribution, etc. Delhi
Name of publisher, distributor, etc. Delta Publishing House
Date of publication, distribution, etc. 1996
300 ## - PHYSICAL DESCRIPTION
Extent 479p.
650 ## - SUBJECT ADDED ENTRY--TOPICAL TERM
Topical term or geographic name entry element Management - Asia
700 ## - ADDED ENTRY--PERSONAL NAME
Personal name Sinha, Dharni P.
Holdings
Withdrawn status Lost status Damaged status Not for loan Permanent Location Current Location Date acquired Full call number Barcode Date last seen Price effective from Koha item type
        Indian Institute of Public Administration Indian Institute of Public Administration 2018-08-04 I5x5 Si64i GR14263 2018-08-04 2018-08-04 GR

Powered by Koha